000 00341nam a2200133Ia 4500
008 240719s9999 xx 000 0 und d
041 _aeng
082 _a200 DEB
100 _aDebroy Bibek
245 _aThe Bhagavad Gita
260 _aHaryana
_bPenguin
_c2005
300 _a321.; P. 23 Cm.
520 _aGifted By : IMT Faculty Dr. Pawan Jain
999 _c41263
_d41263